00322nam a22001217a 4500003000400000008004100004020001800045082001500063100002500078245003900103260004400142300001400186OSt240828b |||||||| |||| 00| 0 eng d a9788173913884 a792.5bVAS aVAIDYANATHAN, SAROJA aPolitical Thought in Ancient India aNew Delhi:bKanishka Publishers,c1984. aviii,88p,